Southville International School and Colleges
Your cart is empty.
  • Cart
  • Lists
    Public lists Eva Luna New books Lux_list list_1
    Your lists Log in to create your own lists
  • Log in to your account
  • Your cookies
  • Search history
Southville International School and Colleges
  • Advanced search
  • Recent comments
  • Most popular
  • Libraries

Log in to your account

Log in with GOOGLE


If you do not have an external account, but do have a local account, you can still log in:

  1. Home
  2. MARC view: Mr. Punch's Railway Book
Normal view MARC view ISBD view

Mr. Punch's Railway Book (Record no. 264282)

[ view plain ]
MARC details
000 -LEADER
fixed length control field 01127cam a22003613a 4500
001 - CONTROL NUMBER
control field 35027
003 - CONTROL NUMBER IDENTIFIER
control field PGUSA
005 - DATE AND TIME OF LATEST TRANSACTION
control field 20140828083744.0
008 - FIXED-LENGTH DATA ELEMENTS--GENERAL INFORMATION
fixed length control field 110121s2011||||xxu|||||s|||||000 | eng d
040 ## - CATALOGING SOURCE
Original cataloging agency PGUSA
Language of cataloging eng
042 ## - AUTHENTICATION CODE
Authentication code dc
050 #4 - LIBRARY OF CONGRESS CALL NUMBER
Classification number PN
245 10 - TITLE STATEMENT
Title Mr. Punch's Railway Book
Medium [electronic resource]
260 ## - PUBLICATION, DISTRIBUTION, ETC. (IMPRINT)
Name of publisher, distributor, etc Project Gutenberg,
Date of publication, distribution, etc 2011
506 ## - RESTRICTIONS ON ACCESS NOTE
Terms governing access Public domain in the USA.
516 ## - TYPE OF COMPUTER FILE OR DATA NOTE
Type of computer file or data note Electronic text
653 ## - INDEX TERM--UNCONTROLLED
Uncontrolled term English wit and humor
653 ## - INDEX TERM--UNCONTROLLED
Uncontrolled term Railroads -- Great Britain -- Humor
653 ## - INDEX TERM--UNCONTROLLED
Uncontrolled term English wit and humor, Pictorial
700 1# - ADDED ENTRY--PERSONAL NAME
Personal name Tenniel, John,
Dates associated with a name 1820-1914
700 1# - ADDED ENTRY--PERSONAL NAME
Personal name Hammerton, John Alexander,
Titles and other words associated with a name Sir,
Dates associated with a name 1871-1949
700 1# - ADDED ENTRY--PERSONAL NAME
Personal name Raven-Hill, L.
Fuller form of name (Leonard),
Dates associated with a name 1867-1942
700 1# - ADDED ENTRY--PERSONAL NAME
Personal name Partridge, Bernard,
Dates associated with a name 1861-1945
700 1# - ADDED ENTRY--PERSONAL NAME
Personal name Du Maurier, George,
Dates associated with a name 1834-1896
700 1# - ADDED ENTRY--PERSONAL NAME
Personal name May, Phil,
Dates associated with a name 1864-1903
700 1# - ADDED ENTRY--PERSONAL NAME
Personal name Cleaver, Reginald
700 1# - ADDED ENTRY--PERSONAL NAME
Personal name Leech, John,
Dates associated with a name 1817-1864
700 1# - ADDED ENTRY--PERSONAL NAME
Personal name Keene, Charles,
Dates associated with a name 1823-1891
700 1# - ADDED ENTRY--PERSONAL NAME
Personal name Reed, Edward Tennyson,
Dates associated with a name 1860-1933
830 #0 - SERIES ADDED ENTRY--UNIFORM TITLE
Uniform title Project Gutenberg
Volume number/sequential designation 35027
856 40 - ELECTRONIC LOCATION AND ACCESS
Uniform Resource Identifier <a href="http://www.gutenberg.org/ebooks/35027">http://www.gutenberg.org/ebooks/35027</a>
942 ## - ADDED ENTRY ELEMENTS (KOHA)
Koha item type eBooks
Holdings
Withdrawn status Lost status Damaged status Home library Current library Date acquired Total Checkouts Date last seen Price effective from Koha item type
      Project Gutenberg Project Gutenberg 08/28/2014   08/28/2014 08/28/2014 eBooks

Mr. Punch's Railway Book

APA

Tenniel J., Hammerton J. A., Raven-Hill L., Partridge B., Du Maurier G., May P., Cleaver R., Leech J., Keene C. & Reed E. T. (2011). Mr. Punch's Railway Book. : Project Gutenberg.

Chicago

Tenniel John, Hammerton John Alexander, Raven-Hill L, Partridge Bernard, Du Maurier George, May Phil, Cleaver Reginald, Leech John, Keene Charles and Reed Edward Tennyson. 2011. Mr. Punch's Railway Book. : Project Gutenberg.

Harvard

Tenniel J., Hammerton J. A., Raven-Hill L., Partridge B., Du Maurier G., May P., Cleaver R., Leech J., Keene C. and Reed E. T. (2011). Mr. Punch's Railway Book. : Project Gutenberg.

MLA

Tenniel John, Hammerton John Alexander, Raven-Hill L, Partridge Bernard, Du Maurier George, May Phil, Cleaver Reginald, Leech John, Keene Charles and Reed Edward Tennyson. Mr. Punch's Railway Book. : Project Gutenberg. 2011.

  • Place hold
  • Print
  • Cite
  • Add to your cart (remove)
  • Save record
    BIBTEX Dublin Core MARCXML MARC (non-Unicode/MARC-8) MARC (Unicode/UTF-8) MARC (Unicode/UTF-8, Standard) MODS (XML) RIS
  • More searches
    Search for this title in:
    Other Libraries (WorldCat) Other Databases (Google Scholar) Online Stores (Bookfinder.com) Open Library (openlibrary.org)

Exporting to Dublin Core...

SOUTHVILLE LIBRARY

Southville International School and Colleges Library

1281 Tropical Ave. Cor. Luxembourg St., BF Homes International, Las Pinas City

Tel. No. 8256374 / 252358 Loc. 117/146

Powered by Koha